| 000 | 01031cam a22001934a 4500 | ||
|---|---|---|---|
| 005 | 20250605164006.0 | ||
| 008 | 250528s ||||||||||||||||||||||||d | ||
| 035 | _a15818 | ||
| 020 | _a415308100 | ||
| 040 |
_aGR-AtMCL _bgre _dGR-AtMCL _eAACR2 |
||
| 245 | 1 | _aVisible Thought / The New Psychology of Body Language | |
| 260 |
_bRouledge, _c2004 |
||
| 300 | _a206 | ||
| 520 | _aAn accessible and groundbreaking text that will appeal to those interested in social psychology and anyone who wants to delve beneath the surface of human interaction. Big Brother and Other Experiments, Two Separate Languages, Where the Action is, A Remarkable Biological Miracle, Images in the Hands and Images in the Mind, Different Vehicles of Meaning, Gestures and the Frustrations of Everyday Life, Speech is Only Half the Story, Who or What the Hands Portray, A Glimpse of the Unguarded Mind in Action, Some Philosophical and Practical Implications. | ||
| 700 | 1 |
_aBeattie Geoffrey _91821 |
|
| 942 | _cBK | ||
| 999 |
_c1369 _d1369 |
||